Countries Closest to Lima - Statistics

General Stats
  • This quiz has been taken 101 times
  • The average score is 9 of 10
Answer Stats
Distance (Kilometers (Miles)) Country % Correct
511.8 (318) Brazil
99%
996.9 (619.5) Chile
99%
811.3 (504.1) Ecuador
99%
1,837.6 (1,141.9) Paraguay
98%
822.8 (511.2) Bolivia
97%
1,574.4 (978.3) Argentina
96%
1,151.3 (715.4) Colombia
95%
1,851.3 (1,150.4) Venezuela
92%
2,144.6 (1,332.6) Panama
91%
2,325.6 (1,445.1) Costa Rica
85%
No matching quizzes found
Score Distribution
Percent of People with Each Score
Percentile by Number Answered
Your Score History
You have not taken this quiz